00779nam a2200205 i 4500001000700000003000900007005001700016008004100033080000600074100002600080245010600106250001300212260004700225300003400272490007300306500001400379700003600393830007300429852007100502173346ES-MaACL20240823133049.0091126s1958 xxk |||| | eng d a11 aWittgenstein, Ludwig.10aTractatus logico-philosophicus / cby Ludwig Wittgenstein ; with an introduction by Bertrand Russell. a7th imp. aLondon : bRoutledge & Kegan Paul, c1958. a207 p. : bgráf. ; c22 cm.1 aInternational library of psychology philosophy and scientific method aÍndice.1 aRussell, Bertrand,d1872-1970 0 aInternational library of psychology philosophy and scientific method aES-MaACLjE-13214 . - z. - Biblioteca Jacinto Martínez Lacalle